Urban Complex (Record no. 13686)

000 -LEADER
fixed length control field 00342 a2200145 4500
003 - CONTROL NUMBER IDENTIFIER
control field OSt
005 - DATE AND TIME OF LATEST TRANSACTION
control field 20260411115623.0
008 - FIXED-LENGTH DATA ELEMENTS--GENERAL INFORMATION
fixed length control field 260411b ||||| |||| 00| 0 eng d
020 ## - INTERNATIONAL STANDARD BOOK NUMBER
International Standard Book Number 9789881296757
082 ## - DEWEY DECIMAL CLASSIFICATION NUMBER
Classification number 711.4
100 ## - MAIN ENTRY--PERSONAL NAME
Personal name Tiago Do Vale
245 ## - TITLE STATEMENT
Title Urban Complex
260 ## - PUBLICATION, DISTRIBUTION, ETC. (IMPRINT)
Name of publisher, distributor, etc Design Media Publishing Limited;
Date of publication, distribution, etc 2014
942 ## - ADDED ENTRY ELEMENTS (KOHA)
Source of classification or shelving scheme
Holdings
Withdrawn status Lost status Source of classification or shelving scheme Damaged status Koha normalized classification for sorting Not for loan Permanent location Current location Date acquired Source of acquisition Cost, normal purchase price Full call number Barcode Date last seen Cost, replacement price Price effective from Koha item type
        711_400000000000000   BMS College of Architecture, Design and Planning BMS College of Architecture, Design and Planning 2025-09-12 10 3013.78 711.4 AR-UG4498 2025-09-12 4305.40 2025-09-12 UG Books
Copyright © 2025, The Librarian, Library and Information Centre, BMSCA D&P, Bengaluru. All Rights Reserved
web counter

Powered by Koha